Procedimiento penal
-д хадгалсан:
| Үндсэн зохиолч: | |
|---|---|
| Формат: | Ном |
| Хэл сонгох: | испани |
| Хэвлэсэн: |
Bogotá
Temis
2000
|
| Нөхцлүүд: | |
| Шошгууд: |
Шошго нэмэх
Шошго байхгүй, Энэхүү баримтыг шошголох эхний хүн болох!
|
MARC
| LEADER | 00000nam a2200000 a 4500 | ||
|---|---|---|---|
| 001 | UCK3221 | ||
| 003 | CL-VaPUC | ||
| 008 | 050415e20000000CK |||||||||||||||||spa|d | ||
| 020 | |a 9583503096 | ||
| 020 | |a 958350310Xv.1 | ||
| 020 | |a 9583503118v.2 | ||
| 082 | 0 | 4 | |a 345.05 |b COR |2 21 |
| 100 | 0 | |a Cordero, Franco |e author |9 491280 | |
| 245 | 1 | 0 | |a Procedimiento penal |
| 300 | |a v | ||
| 942 | |c BK | ||
| 945 | |d 20050415 00:00:00 |a jcarroza | ||
| 260 | |a Bogotá |b Temis |c 2000 | ||
| 650 | 7 | |a DERECHO PENAL |2 CL-VaPUC |9 11 | |
| 650 | 0 | |a Procedimiento penal |9 254974 | |
| 583 | |a last modification |c 20050415 00:00:00 |k Rodrigo Vera | ||
| 999 | |c 312482 |d 312480 | ||
| 952 | |0 0 |1 0 |4 0 |6 345_050000000000000_COR_2000 |7 0 |8 A |9 382887 |a BIBDER |b BIBDER |d 2019-11-21 |h v.1 |i 4105249 |l 1 |m 1 |o 345.05 COR 2000 |p 4105249 |r 2022-08-16 |s 2021-06-03 |w 2019-11-21 |y BK |k DER | ||
| 952 | |0 0 |1 0 |4 0 |6 345_050000000000000_COR_2000 |7 0 |8 A |9 382888 |a BIBDER |b BIBDER |d 2019-11-21 |h v.2 |i 4105257 |l 1 |m 2 |o 345.05 COR 2000 |p 4105257 |r 2022-08-16 |s 2021-06-03 |w 2019-11-21 |y BK |k DER | ||